000
00254nam a22000857a 4500
008
160714b xxu||||| |||| 00| 0 eng d
100
_9
2829
_a
Mike Hill Publication
245
_a
Mike Mick Mike Geethmala 3(Hindi Poem)
260
_a
New Delhi
_b
Mike Hill Publication
999
_c
2423
_d
2423